Antecedentes legislativos y trabajos preparatorios del Código Civil de Chile

Guardat en:
Dades bibliogràfiques
Autor principal: Cood, Enrique (recopilador)
Format: Llibre
Idioma:espanyol
Publicat: Santiago, Chile: Comisión Nacional Organizadora del Centenario del Código Civil, 1958.
Matèries:
Etiquetes: Afegir etiqueta
Sense etiquetes, Sigues el primer a etiquetar aquest registre!

MARC

LEADER 00000nam a2200000 a 4500
001 UCR1392
003 CL-VaPUC
005 20220822114335.0
008 971219e19580000CL |||||||||||||||||spa|d
999 |c 264794  |d 264792 
040 |c Pontificia Universidad Católica de Valparaíso 
082 0 4 |a 346.83 COO 1958  |2 21 
100 0 |a Cood, Enrique  |e recopilador   |9 398422 
245 1 0 |a Antecedentes legislativos y trabajos preparatorios del Código Civil de Chile 
260 |a Santiago, Chile:  |b Comisión Nacional Organizadora del Centenario del Código Civil,  |c 1958. 
300 |a 124 páginas.  
500 |a c.2 Donación Familia Prof. Alejandro Guzmán Brito. 
500 |a Precedidos de una biografía por Miguel Luis Amunátegui Reyes. Completados por Guillermo Feliú y Carlos Stuardo Ortiz. 
583 |a last modification  |c 20130925 07:09:10  |k Rodrigo Vera 
650 0 |a Código civil  |9 256135 
650 0 |a Derecho civil  |9 255013 
650 0 |a Derecho chileno  |2 CL-VaPUC  |9 385146 
650 0 |a Jurisprudencia  |9 255952 
942 |c BK  |2 ddc  |n 0 
945 |d 19971219 00:00:00  |a cmena 
952 |0 0  |1 0  |4 0  |6 346_830000000000000_COO_1958  |7 0  |8 DER_HDC  |9 295290  |a BIBDER  |b BIBDER  |d 2019-11-19  |i 1922343  |l 1  |o 346.83 COO 1958  |p 1922343  |r 2023-01-25  |s 2020-03-19  |w 2019-11-19  |x Ubicación 4to Piso  |y BK  |z Estos recursos deben solicitarse con anticipación  |k DER